| 000 | 00517nam a2200133Ia 4500 | ||
|---|---|---|---|
| 008 | 250506s9999 xx 000 0 und d | ||
| 024 | _a15B-117-EL, 15B-141-El, 15B-154-EL & 15B-224-El | ||
| 082 | _a621.23072 AIM | ||
| 100 | _aAiman Saleem, Michelle Shahbaz, Palwasha Rashid Balooch & Hafiza Fareeha Safvi | ||
| 245 | 0 | _aAdaptive Algorithims Implementation As Channel Estimation and Equalizer | |
| 260 |
_aKarachi: _bUIT, _c2015 |
||
| 600 | _aTelecommunication Engineering | ||
| 650 | _aBachelor of Engineering (BE) | ||
| 999 |
_c28529 _d28529 |
||